| 000 | 01855nam a22003737a 4500 | ||
|---|---|---|---|
| 001 | 768714001 | ||
| 003 | CO-MdFUSB | ||
| 005 | 20240418161626.0 | ||
| 007 | ta | ||
| 008 | 180901t1996 xxk||||| |||| 00| 0 eng d | ||
| 020 |
_a083081247 _q4 |
||
| 040 |
_aCO-MdFUSB _bspa _cCO-MdFUSB _dCO-MdFUSBC _erda |
||
| 041 | _aeng | ||
| 082 |
_223 _a227.8307 _bST888 |
||
| 100 |
_aStott, John R. W. _dautor |
||
| 245 | 1 | 4 |
_aThe message of 1 Timothy & Titus _b: the life of the local church _c/ autor y editor John R. W. Stott |
| 264 | 1 |
_aLeicester, Inglaterra : _bIntervarsity Press, _c[1996] |
|
| 264 | 4 | _c©1996 | |
| 300 |
_a232 páginas ; _c21 cm |
||
| 336 |
_2rdacontent _atexto _btxt |
||
| 337 |
_2rdamedia _asin mediación _bn |
||
| 338 |
_2rdacarrier _avolumen _bnc |
||
| 490 | _aThe Bible Speaks Today | ||
| 505 |
_tLa autenticidad de las cartas pastorales: _aEl caso de la autoría paulina -- El caso contra la autoría paulina -- El caso a favor y en contra de un autor pseudónimo --El caso para el amanuense -- Conclusión |
||
| 505 |
_tEl mensaje de 1 de Timoteo. La vida de la iglesia local: _aIntroducción (1:1-2) -- Doctrina apostólica (1:3-20) -- Culto público (2:1-15) -- Vigilancia pastoral (3:1-16) -- Liderazgo local (4:1-5:2) -- Responsabilidades sociales (5:3-6:2) -- Material de posesiones (6:3-21) |
||
| 505 |
_tEl mensaje a Tito: _aLos temas principales de la carta -- Introducción (1:1-4) -- Doctrina y deber en la iglesia (1:5-16) -- Doctrina y deber en el hogar (2:5-15) -- Doctrina y deber en el mundo (3:1-8) -- Mensaje final personal (9:9-15) |
||
| 563 | _aTapa rústicas | ||
| 630 | 7 |
_aBiblia. _pTimoteo, 1ª _xCrítica, interpretación, etc. |
|
| 630 | 7 |
_aBiblia. _pTito _xCrítica, interpretación, etc. |
|
| 700 |
_aStott, John R. W., _91432 _eeditor |
||
| 942 | _cBK | ||
| 945 | _aJTF-925 | ||
| 999 |
_c64472 _d64472 |
||